Naplníme svoje poslanie

Bibliographic Details
Main Author: Litvajová, Elena, 1924-1999 (Author)
Format: Article
Language:Slovak
PhysicalDescription:Obr. 2.
Subjects:

MARC

LEADER 00000nab a2200000 a 4500
001 vtls000184942
003 SK-MaSNL
005 20260302201933.0
008 111106c1984 xo 0 slo
015 |a SNBRB19rr/mm-uuuuu 
035 |a CL0195055 
040 |a SNKBUCL  |b slo  |c SNKBUCL  |e AACR2 
041 0 |a slo 
044 |a xo  |c SK 
080 |a 329.71:396(437.6):061.3  |2 1981 
080 |a 396(437.6)  |2 1981 
080 |a 061.3  |2 1981 
100 1 |a Litvajová, Elena,  |d 1924-1999  |4 aut  |9 48698 
245 1 0 |a Naplníme svoje poslanie  |c Elena Litvajová 
300 |b Obr. 2. 
650 0 7 |a SZŽ  |2 snkbucl  |9 921676 
651 7 |a 5100  |2 snkbucl  |9 166206 
655 7 |a články z novín a časopisov  |2 snkbucl  |9 267496 
773 0 |t Slovenka  |g Roč. 36, č. 21 (1984), s. 4-5 
850 |a Slovenská národná knižnica v Martine  |a MTA001 
852 |a SNK  |b KIS3GCP 
958 |a RK 
992 |a RBX 
999 |c 1462816  |d 1464746